भारत के उत्तर पूर्व सीमान्त देश : (Record no. 120863)

MARC details
000 -LEADER
fixed length control field 01164nam a22002657a 4500
005 - DATE AND TIME OF LATEST TRANSACTION
control field 20170124103204.0
010 ## - LIBRARY OF CONGRESS CONTROL NUMBER
LC control number 534901
020 ## - INTERNATIONAL STANDARD BOOK NUMBER
Terms of availability 8.00
035 ## - SYSTEM CONTROL NUMBER
System control number 534901
037 ## - SOURCE OF ACQUISITION
Source of stock number/acquisition Cen Lib/Ret
040 ## - CATALOGING SOURCE
Original cataloging agency DPL
Language of cataloging HN
082 ## - DEWEY DECIMAL CLASSIFICATION NUMBER
Classification number 954.4
Item number गैरौला
100 ## - MAIN ENTRY--PERSONAL NAME
Personal name गैरौला, वाचस्पति
9 (RLIN) 93045
245 ## - TITLE STATEMENT
Title भारत के उत्तर पूर्व सीमान्त देश :
Statement of responsibility, etc वाचस्पति गैरौला
Remainder of title तिब्बत : नेपाल : सिक्किम : भूटान /
246 ## - VARYING FORM OF TITLE
Title proper/short title Bharat ke uttar poorv seemant desh : Tibbet : Nepal : Sikkim : Bhotan /
Remainder of title by Vachaspati Gairaula
260 ## - PUBLICATION, DISTRIBUTION, ETC. (IMPRINT)
Place of publication, distribution, etc लखनऊ
Name of publisher, distributor, etc सूचना विभाग
Date of publication, distribution, etc 1967
270 ## - ADDRESS
City लखनऊ
300 ## - PHYSICAL DESCRIPTION
Extent 327पृ.
Dimensions 21सेमी(सजिल्द )
500 ## - GENERAL NOTE
General note सन्दर्भ सूची शामिल
650 ## - SUBJECT ADDED ENTRY--TOPICAL TERM
Topical term or geographic name as entry element भूगोल
General subdivision
Geographic subdivision
9 (RLIN) 93046
650 ## - SUBJECT ADDED ENTRY--TOPICAL TERM
Topical term or geographic name as entry element भूगोल -- राज्य (भारत)
9 (RLIN) 43622
650 ## - SUBJECT ADDED ENTRY--TOPICAL TERM
Topical term or geographic name as entry element Geography
9 (RLIN) 93047
650 ## - SUBJECT ADDED ENTRY--TOPICAL TERM
Topical term or geographic name as entry element Geography - state (India)
9 (RLIN) 93048
942 ## - ADDED ENTRY ELEMENTS (KOHA)
Source of classification or shelving scheme Dewey Decimal Classification
Koha item type Hindi Books
Classification part 954.4
Call number suffix गैरौला
Holdings
Withdrawn status Lost status Damaged status Not for loan Home library Current library Date acquired Source of acquisition Cost, normal purchase price Total Checkouts Full call number Barcode Date last seen Copy number Cost, replacement price Price effective from Koha item type
        Central Library Central Library 29/09/2015 Cen Lib/Ret 8.00   954.4 गैरौला 534901 29/09/2015 1 8.00 29/09/2015 Hindi Books

© Delhi Public Library
Hit Counter
free hit counter